| 000 | 00000nam##2200000za#4500 |
| 001 | 9.568402 |
| 003 | CaOODSP |
| 005 | 20210624181243 |
| 007 | cr ||||||||||| |
| 008 | 150406|2001||||xxc|||||o f|0| 0 eng|d |
| 040 | |aCaOODSP|beng |
| 043 | |an-cn--- |
| 086 | 1 |aBT31-2/2002-III-36E-PDF |
| 110 | 1 |aCanada. |bTreasury Board. |
| 245 | 10|aCanada Customs and Revenue Agency, 2001-2002 estimates, report on plans and priorities |h[electronic resource] |
| 260 | |aOttawa - Ontario : |bTreasury Board of Canada Secretariat |cc2001. |
| 300 | |a64p.|bfigs., organization chart, tables |
| 490 | 1 |a2001-2002 estimates. Part III, Report on plans and priorities |v2001-2002 |
| 500 | |aThe catalogue number (BT31-2/2002-III-36) and ISBN (0-660-61473-1) for the bilingual print edition have been incorrectly copied in this electronic publication. |
| 590 | |a10-11-Supp|b2010-11-10 |
| 775 | 08|tAgence des douanes et du revenu du Canada, budget des dépenses 2001-2002, rapport sur les plans et les priorités |w(CaOODSP)9.599691 |
| 776 | 0#|tCanada Customs and Revenue Agency |w(CaOODSP)9.534378 |
| 776 | 0#|tAgence des douanes et du revenu du Canada |w(CaOODSP)9.534379 |
| 830 | #0|a2001-2002 estimates. Part III, Report on plans and priorities ;|v2001-2002|w(CaOODSP)9.506174 |
| 856 | 40|ahttp://publications.gc.ca|qPDF|s924 KB|uhttps://publications.gc.ca/collections/Collection/BT31-2-2002-III-36E.pdf|y2001-2002 |